From psychophysiology to engineering psychology and to psychology of religion from the necessary to the desired

Bibliographic Details
Main Author: Stríženec, Michal, 1932-2022 (Author)
Format: Article
Language:Slovak
English
ISSN:0039-3320
Subjects:

MARC

LEADER 00000nab a2200000 a 4500
001 vtls000663376
003 SK-MaSNL
005 20260304090520.0
008 250425c1998 xo 0 slo
015 |a SNBRB1998/05-13831 
035 |a CLN000015563 
035 |a urn:nbn:sk:snk-ab2svz 
035 |a (urnnbn)urn:nbn:sk:snk:ar-a02w2y 
035 |a (uuid)2d37b79d-d9d1-4fae-862e-4dc4b273d86b 
040 |a SNKBUCL  |b slo  |c SNKBUCL  |e AACR2 
041 0 |a eng 
044 |a xo  |c SK 
080 |a 159.92  |2 1997 
100 1 |a Stríženec, Michal,  |d 1932-2022  |4 aut  |9 108549 
245 1 0 |a From psychophysiology to engineering psychology and to psychology of religion from the necessary to the desired  |c Michal Stríženec 
504 |a Res. slov. Bibliogr. odkazy 
650 0 7 |a psychofyziológia  |2 snkbucl  |9 14442 
650 0 7 |a psychológia inžinierska  |2 snkbucl  |9 1275465 
650 0 7 |a psychológia náboženstva  |2 snkbucl  |9 4052 
655 7 |a články z novín a časopisov  |2 snkbucl  |9 267496 
773 0 |t Studia psychologica  |g Roč. 40, č. 1-2 (1998), s. 115-118  |x 0039-3320 
850 |a Slovenská národná knižnica 
852 |a Slovenská národná knižnica 
958 |a article27 
958 |a SK 
958 |a NB 
958 |a OND 
958 |a EUIPO 
992 |a RBX 
999 |c 2811700  |d 2813630